<?xml version="1.0" encoding="UTF-8"?><?xml-stylesheet type="text/xsl" href="static/style.xsl"?><OAI-PMH xmlns="http://www.openarchives.org/OAI/2.0/" xmlns:xsi="http://www.w3.org/2001/XMLSchema-instance" xsi:schemaLocation="http://www.openarchives.org/OAI/2.0/ http://www.openarchives.org/OAI/2.0/OAI-PMH.xsd"><responseDate>2026-04-17T07:45:06Z</responseDate><request verb="GetRecord" identifier="oai:www.recercat.cat:2072/261903" metadataPrefix="marc">https://recercat.cat/oai/request</request><GetRecord><record><header><identifier>oai:recercat.cat:2072/261903</identifier><datestamp>2025-03-11T16:33:38Z</datestamp><setSpec>com_2072_220028</setSpec><setSpec>com_2072_4427</setSpec><setSpec>col_2072_479371</setSpec></header><metadata><record xmlns="http://www.loc.gov/MARC21/slim" xmlns:dcterms="http://purl.org/dc/terms/" xmlns:xsi="http://www.w3.org/2001/XMLSchema-instance" xmlns:doc="http://www.lyncode.com/xoai" xsi:schemaLocation="http://www.loc.gov/MARC21/slim http://www.loc.gov/standards/marcxml/schema/MARC21slim.xsd">
   <leader>00925njm 22002777a 4500</leader>
   <datafield ind2=" " ind1=" " tag="042">
      <subfield code="a">dc</subfield>
   </datafield>
   <datafield ind2=" " ind1=" " tag="720">
      <subfield code="a">Belarte Franco, Maria Carme</subfield>
      <subfield code="e">author</subfield>
   </datafield>
   <datafield ind2=" " ind1=" " tag="720">
      <subfield code="a">Miró i Alaix, Ma. Teresa</subfield>
      <subfield code="e">author</subfield>
   </datafield>
   <datafield ind2=" " ind1=" " tag="720">
      <subfield code="a">Noguera Guillén, Jaume</subfield>
      <subfield code="e">author</subfield>
   </datafield>
   <datafield ind2=" " ind1=" " tag="260">
      <subfield code="c">2011</subfield>
   </datafield>
   <datafield ind2=" " ind1=" " tag="520">
      <subfield code="a">En el marc d’aquest congrés sobre construcció i arquitectura a Tàrraco presentem un estat de la qüestió sobre alguns aspectes entorn de l’arquitectura i l’urbanisme a la Ibèria septentrional. La recerca duta a terme per diferents investigadors i equips en els darrers anys ha permès un millor coneixement de la societat ibèrica de l’àrea septentrional, i en general mostra que aquesta era més complexa del que tradicionalment s’havia considerat. El coneixement actual dels assentaments mostra un sistema de poblament altament jerarquitzat i organitzat amb diferents nivells; igualment, la recerca sobre l’ús de l’espai a l’interior dels assentaments, tant pel que fa a l’arquitectura domèstica com a les construccions de caràcter públic, reforcen aquesta idea de complexitat social que es consolida durant el període ibèric ple i que caracteritza l’aparició dels estats arcaics ibèrics.</subfield>
   </datafield>
   <datafield ind2=" " ind1=" " tag="520">
      <subfield code="a">In the framework of this Conference about construction and architecture in Tarraco we intend to show the state of the art about several aspects concerning the protohistoric architecture and urbanism in northern Iberia (present Catalonia). The research carried on by different researchers in the last years has improved our knowledge about the Iberian society in the northen area of this culture. In a general way, the results of this research hint that this society is more complex than it was traditionally thought. The available information about the settlements suggests that population was organised in a highly hierarchical system, where different levels are distinguished. Moreover, the research about the use of space inside the settlements, both about domestic architecture and public buildings, reinforces this idea of social complexity, which will be consolidated during the classical Iberian period and characterises the appearance of the Iberian archaic states.</subfield>
   </datafield>
   <datafield ind1="8" ind2=" " tag="024">
      <subfield code="a">Belarte, M.C.; Miró, M.; Noguera, J. (2011) «Arquitectura i urbanisme a la Ibèria septentrional (s. VI-II aC.)», Tarraco: construcció i arquitectura d’una capital provincial romana. Congrés Internacional en homenatge a Theodor Hauschild, Butlletí Arqueològic, 32, p. 637-670, p. 73-106.</subfield>
   </datafield>
   <datafield ind1="8" ind2=" " tag="024">
      <subfield code="a">http://hdl.handle.net/2072/261903</subfield>
   </datafield>
   <datafield ind2="0" ind1="0" tag="245">
      <subfield code="a">Arquitectura i urbanisme a la Ibèria septentrional (s. VI-II aC.)</subfield>
   </datafield>
</record></metadata></record></GetRecord></OAI-PMH>